• 首页
  • 本馆介绍
  • 公告通知
  • 最新文献
  • 馆藏检索
  • 电子资源
  • 读者导购
  • 参考咨询
  • 我的图书馆
  • 登录
  • 详细信息显示
  • 放入我的书架
  • 预约/预借图书
  • 作者相关作品
  • 分类相关作品
  • 丛书相关作品
  • 出版社相关作品

书目信息

  • 表格格式
  • 工作单格式
  • 卡片格式
题名:
狂狷与启蒙
    
 
作者: 杨宗红 , 蒲日材 著
分册:  
出版信息: 太原   山西人民出版社  2020.08
页数: 11, 277页
开本: 26cm
丛书名: “教育薪火”书系
单 册:
中图分类: G40-092.48
科图分类:
主题词:
电子资源:
ISBN: 978-7-203-11502-1
000 01008oam2 2200277 450
001 0102100413
005 20210402100819.0
010    @a978-7-203-11502-1@dCNY78.00
100    @a20201108d2020 em y0chiy50 ea
101 0  @achi
102    @aCN@b140000
105    @ay z 000yy
106    @ar
200 1  @a狂狷与启蒙@Akuang juan yu qi meng@e李贽的教育思想@f杨宗红, 蒲日材著
210    @a太原@c山西人民出版社@d2020.08
215    @a11, 277页@d26cm
225 2  @a“教育薪火”书系@h第一辑
330    @a本书分五章,内容包括:随其资性,一任讲道:个性教育思想;大道不分男女:女性教育思想;自然之性即真道学:伦理教育思想;经史一物:历史教育思想;童心与至文:文艺教育思想。
461  0 @12001 @a“教育薪火”书系
517 1  @a李贽的教育思想@Ali zhi de jiao yu si xiang
600  0 @a李贽@f(1527-1602)@x教育思想@x研究
690    @aG40-092.48@v5
701  0 @a杨宗红@Ayang zong hong@4著
701  0 @a蒲日材@Apu ri cai@f(1972-)@4著
801  0 @aCN@bBJSZM@c20210402
905    @b1274735-9@dG40-092.48@e1221@f5
    
    狂狷与启蒙:李贽的教育思想/杨宗红, 蒲日材著.-太原:山西人民出版社,2020.08
    11, 277页;26cm.-(“教育薪火”书系.第一辑)
    
    
    ISBN 978-7-203-11502-1:CNY78.00
    本书分五章,内容包括:随其资性,一任讲道:个性教育思想;大道不分男女:女性教育思想;自然之性即真道学:伦理教育思想;经史一物:历史教育思想;童心与至文:文艺教育思想。
●
相关链接 在E读中查询图书 在五车中查询图书 在当当中查询图书 在豆瓣中查询图书


正题名:狂狷与启蒙     索取号:G40-092.48/1221         预约/预借

序号 登录号 条形码 馆藏地/架位号 状态 备注
1 1274735   212747358   第一样本阅览室/ [索取号:G40-092.48/1221] 在馆    
2 1274736   212747367   教育系资料室/ [索取号:G40-092.48/1221] 在馆    
3 1274737   212747376   教育系资料室/ [索取号:G40-092.48/1221] 在馆    
4 1274738   212747385   第四借阅区/ [索取号:G40-092.48/1221] 在馆    
5 1274739   212747394   第四借阅区/ [索取号:G40-092.48/1221] 在馆    
唐山师范学院图书馆 欢迎您!
大连网信软件有限公司© 版权所有